000 00792cam a2200193 4500
001 ABS65800
008 020910n2002 000 0 eng u
035 _a(Sirsi) u119638
245 _aBlack or white?
260 _c2002
490 _aScottish Builder and Engineer
_v(70) August 2002, 36-39(2)
520 _aLooks at both sides of the argument that has broken out between Health & Safety Executive which believes that white asbestos is a killer and those who think that it is an innocuous material whose hazards have been hyped up out of all proportion.
590 _aABS
650 _aMANAGEMENT-HEALTH AND SAFETY-HAZARDOUS SUBSTANCES-ASBESTOS
650 _aHAZARDOUS MATERIALS
650 _aHEALTH AND SAFETY
_96244
690 _aBUILT ENVIRONMENT-BUILDING MATERIALS
942 _n0
999 _c71117
_d71117